000 00319nam a22001337a 4500
008 170609b xxu||||| |||| 00| 0 eng d
020 _a9781403962485
041 _aeng
080 _a94
100 _a19
101 _aSHH
245 _aSYRIA'S TERRORIST WAR ON LEBANON AND THE PEACE PROCESS
_cDEEB,M
942 _2udc
_cBK
999 _c16774
_d16774